Communauté d'agglomération Valenciennes Métropole - Statistiques

Statistiques générales
  • Ce quiz a été pris 123 fois
  • Le résultat moyen est 11 sur 35
Réponses sur la Carte
Les réponses sont colorées sur une échelle allant du rouge au vert en fonction du pourcentage des utilisateurs qui les ont devinées à leur premier essai. Vous pouvez retrouver ces pourcentages ci-dessous.
 
Statistiques - réponses
Communes % Correct
Valenciennes
90%
Anzin
85%
Marly
68%
Onnaing
68%
Saint Saulve
64%
Quiévrechain
54%
Aulnoy lez Valenciennes
46%
Famars
45%
Petite Forêt
45%
Quarouble
40%
Beuvrages
37%
Condé sur l'Escaut
37%
Vieux Condé
37%
Maing
33%
Sebourg
33%
Bruay sur l'Escaut
31%
Crespin
31%
Vicq
29%
Saultain
26%
Estreux
24%
Prouvy
24%
Artres
23%
Quérénaing
19%
Fresnes sur Escaut
18%
Thivencelle
18%
Préseau
17%
Curgies
14%
Hergnies
14%
Aubry du Hainaut
12%
Odomez
12%
Rombies et Marchipont
12%
Saint Aybert
10%
Rouvignies
8%
Verchain Maugré
6%
Monchaux sur Ecaillon
3%
Aucun quiz correspondant
Distribution des résultats
% des personnes avec chaque résultat
Percentile par nombre de réponses
Votre historique - résultats
Vous n’avez pas pris ce quiz